[Event "URS-ch53"]
[Site "Kiev"]
[Date "1986.??.??"]
[Round "?"]
[White "Eingorn, Vereslav S"]
[Black "Lerner, Konstantin Z"]
[Result "1/2-1/2"]
[WhiteElo "2570"]
[BlackElo "2550"]
[Annotator "ChessBase"]
[PlyCount "69"]
[EventDate "1986.04.??"]
[EventType "tourn"]
[EventRounds "17"]
[EventCountry "URS"]
[EventCategory "10"]
[SourceTitle "URS-ch"]
[Source "ChessBase"]
[SourceDate "1999.07.01"]
[SourceVersion "1"]
[SourceVersionDate "1999.07.01"]
[SourceQuality "1"]

1. d4 Nf6 2. c4 e6 3. Nf3 b6 4. g3 Ba6 5. b3 Bb4+ 6. Bd2 Be7 7. Bg2 c6 8. Bc3
d5 9. Nbd2 Nbd7 10. O-O O-O 11. Re1 c5 12. e4 dxe4 13. Nxe4 Bb7 14. Nfg5 cxd4
15. Bxd4 Qc7 16. Nxf6+ Bxf6 17. Bxb7 Qxb7 18. Ne4 Bxd4 (18... Be7 19. Qf3 Rab8
20. Qh5 e5 $1 21. Bb2 f6 $10) 19. Qxd4 Rad8 20. Rad1 Qa8 21. Qc3 Nb8 22. Qf3 (
22. Nf6+ gxf6 23. Qxf6 $10) 22... Na6 23. Rxd8 Rxd8 24. Rd1 h6 25. Rd7 f5 26.
Nd2 Qc8 27. Rxd8+ Qxd8 28. Qc6 Qxd2 29. Qxe6+ Kf8 30. Qc8+ Ke7 31. Qxa6 Qe1+
32. Kg2 Qe4+ 33. Kf1 Qb1+ 34. Ke2 Qc2+ 35. Kf1 1/2-1/2

[Event "URS-ch55"]
[Site "Moscow"]
[Date "1988.07.??"]
[Round "12"]
[White "Jussupow, Artur"]
[Black "Kharitonov, Andrei Y"]
[Result "1-0"]
[WhiteElo "2620"]
[BlackElo "2550"]
[Annotator "ChessBase"]
[PlyCount "117"]
[EventDate "1988.07.??"]
[EventType "tourn"]
[EventRounds "17"]
[EventCountry "URS"]
[EventCategory "14"]
[SourceTitle "URS-ch"]
[Source "ChessBase"]
[SourceDate "1999.07.01"]
[SourceVersion "1"]
[SourceVersionDate "1999.07.01"]
[SourceQuality "1"]

1. Nf3 Nf6 2. c4 e6 3. g3 d5 4. d4 Bb4+ 5. Bd2 Be7 6. Bg2 O-O 7. O-O c6 8. Qc2
b6 9. b3 Nbd7 10. Rd1 Ba6 11. a4 c5 (11... Rc8 $6 12. a5 $14) (11... Ne4) 12.
Na3 Bb7 13. Qb2 Rc8 14. Rac1 Ne4 15. Be1 Bf6 16. b4 cxd4 (16... Ba8 $10) 17.
Nxd4 Qe7 (17... a6 $14) 18. Nab5 Ne5 (18... a6 19. Na7 Ra8 20. Nac6 Bxc6 21.
Nxc6 Qd6 22. Qb1 $1 $18) (18... dxc4 19. Nxa7 Rc7 20. Nab5 Rcc8 21. Qb1 $18)
19. cxd5 Bxd5 20. Qb1 (20. Rxc8 Rxc8 21. Qb1 $16) 20... Nd6 (20... Qb7 $2 21.
Rxc8 Rxc8 22. f3 $18) (20... Rxc1 21. Rxc1 Nd6 22. Bxd5 exd5 23. Rc7 $16) 21.
Rxc8 Nxc8 (21... Rxc8 $5 22. Bxd5 Nxb5 23. Nxb5 exd5 24. Rxd5 Nc4 $16) 22. Bxd5
exd5 23. Nf5 Qb7 24. Nc3 Rd8 25. Qb3 d4 (25... Qd7 $2 26. Qxd5 $1 $18) (25...
g6 26. Nxd5 Rxd5 27. Qxd5 Qxd5 28. Rxd5 gxf5 29. Bc3 $1 $18) 26. Nxd4 Rxd4 27.
Rxd4 Nf3+ 28. exf3 Bxd4 29. Ne4 Qd7 30. Qd3 f5 31. Qc4+ Kh8 32. Ng5 h6 33. Qe6
Qxe6 34. Nxe6 Bf6 35. Kf1 Kg8 36. Ke2 Kf7 37. Nc7 Be5 38. Na6 Ke6 39. Kd3 Kd5
40. b5 Ne7 41. Nb4+ Kc5 42. Nc2 (42. Bd2 g5 $5 $16) 42... Nd5 43. f4 Bf6 44. f3
g6 45. Bf2+ Kd6 46. Kc4 Nc3 (46... Ne7 $5 47. a5 Nc8 48. a6 Ke6) 47. Kb3 Nd5 (
47... Kd5 $2 48. Nb4+) 48. Ne1 Nc3 49. Nd3 Ne2 50. Kc4 Nc3 51. a5 bxa5 52. Bxa7
Na4 53. Kb3 Nc3 54. Kc4 Na4 55. Kb3 Nc3 56. b6 Kc6 57. Ne5+ (57. Nc5 $2 a4+ 58.
Kc4 (58. Kc2 Nd5 $1 59. b7 Nb4+ 60. Kd2 Na6) 58... Nb5 59. b7 Nd6+) 57... Bxe5
58. fxe5 Nb5 (58... Nd5 59. Ka4 $1 $18) 59. Ka4 (59. Ka4 $1 $18 Nd4 60. b7 $1
$18) 1-0

[Event "NED-chT 9900"]
[Site "Netherlands"]
[Date "2000.02.27"]
[Round "4"]
[White "Piket, Jeroen"]
[Black "Chuchelov, Vladimir"]
[Result "1/2-1/2"]
[WhiteElo "2633"]
[BlackElo "2518"]
[Annotator "Chuchelov,V"]
[PlyCount "109"]
[EventDate "2000.02.05"]
[EventType "team-tourn"]
[EventRounds "9"]
[EventCountry "NED"]
[SourceTitle "CBM 074 Extra"]
[Source "ChessBase"]
[SourceDate "2000.03.10"]
[SourceVersion "2"]
[SourceVersionDate "2000.03.10"]
[SourceQuality "1"]
[WhiteTeam "Hilversum HSG"]
[BlackTeam "Bussum"]
[WhiteTeamCountry "NED"]
[BlackTeamCountry "NED"]

1. d4 Nf6 2. c4 e6 3. Nf3 b6 4. g3 Ba6 5. Qa4 Bb7 6. Bg2 c5 7. dxc5 Bxc5 8. O-O
O-O 9. Nc3 Be7 10. Rd1 Na6 11. Bf4 Qc8 12. Rac1 Nc5 13. Qc2 Nce4 14. Nd4 Nxc3
15. Qxc3 a6 16. Qb3 Bxg2 (16... Bc5 {Piket,J} 17. Bg5 Bxg2 18. Kxg2 Ne4 19. Be3
Qb7 20. f3 Nf6 21. Bf2 $14 (21. Nf5)) 17. Kxg2 Qb7+ 18. Qf3 Ra7 $1 (18... Qxf3+
{Piket,J} 19. Kxf3 (19. Nxf3 Rfc8 20. Rd3 d5 21. Rdc3 b5 22. cxb5 Rxc3 23. Rxc3
axb5 24. Rc7 Bf8 25. Ne5 g5 $1 $17 {CH.}) 19... Rac8 (19... Rfc8 20. g4 $14)
20. e4 d6 21. Ne2 Rc6 (21... Rfd8 $5) (21... Nd7 $5) 22. b4 Rfc8 23. b5 Rxc4 (
23... axb5 24. cxb5 Rxc1 25. Rxc1 Rxc1 26. Bxc1 d5 27. exd5 Nxd5 28. a4 Kf8 $5
$13 {CH.}) 24. bxa6 Rxc1 25. Rxc1 Ra8 26. Rc7 $16) 19. Qxb7 Rxb7 20. f3 Rc8 (
20... Nh5 $5 {Piket,J} 21. Be3 Rc8 (21... f5 $5 {CH.}) 22. Nb3 (22. g4 $5)
22... f5 $13) 21. e4 d6 (21... Ne8 $5 22. h4 (22. a4 $5) 22... h5 $1 23. a4 Bf6
24. Be3 (24. e5 $5 Be7 25. Be3 $13 {Piket,J} d6 26. exd6 Nxd6 27. b3 $14 {CH.})
24... Rbc7 25. b3 d5 (25... b5 {Piket,Je} 26. cxb5 $5 (26. axb5 $5 Bxd4 27.
Bxd4 axb5 28. c5 Ra8 $13 (28... d6 29. b4 (29. cxd6 Rxc1 30. Rxc1 Nxd6 31.
Rxc8+ Nxc8 32. Bc5)) 29. Ra1 {CH.} Rca7 30. Rxa7 Rxa7 31. Bf2 Nf6 32. Rd6 Ra3
33. b4 Rb3 34. Be1 $16 {xb5}) 26... Rxc1 27. Bxc1 Bxd4 28. Rxd4 Rxc1 29. bxa6
Rc7 30. b4 $16) 26. Ne2 (26. exd5 {Piket,J} exd5 27. Nf5 dxc4 28. Bxb6 Rc6 29.
Rxc4 Rxc4 30. bxc4 Rxc4 31. a5 $14 Rc2+ $140 {CH.} 32. Kh3 g6 33. Ne3 Rc8 34.
Rd7 $36) 26... dxc4 27. Bxb6 Rc6 28. Rxc4 Rxc4 29. bxc4 Rxc4 30. a5 $14 {
1/2-1/2 Piket,J-Karpov,A/Monaco (m/1)1999}) 22. Ne2 Ne8 $146 (22... Rc6 23. b3
(23. b4 $5 $14 {Piket,Je}) 23... Nd7 24. Rc2 (24. Nd4 $5 {CH.} Rc8 25. Nc2 Ne5
26. Nb4 $14) 24... g5 25. Be3 Rc8 26. Rcd2 b5 27. cxb5 axb5 28. Rc1 Rxc1 29.
Nxc1 Rc7 30. Nd3 Ne5 31. Nf2 $14 {1-0 Piket,J-Seirawan,Y/Internet 2000 (74)})
23. b3 h5 $5 24. h4 g6 25. Rd2 (25. Rd3 $5) 25... Rbc7 (25... Rc5 26. a4 {
/\b4-b5}) 26. Rd3 (26. Rcd1 b5 27. cxb5 axb5 $132 {<->c}) (26. e5 dxe5 (26...
d5 $2 27. cxd5 Rxc1 28. Nxc1 Rxc1 29. d6 Bd8 30. d7 Ng7 31. Bg5 $18) 27. Bxe5
Rc5 $13 28. Bf4 $5 (28. Bd4 R5c6 29. Rcd1 b5 $132) 28... b5 29. Rd7 Bf8 30.
cxb5 Rxc1 31. Nxc1 axb5 $132 32. a4 $140 bxa4 33. bxa4 Nf6 34. Ra7 Nd5 35. Nd3
Rc2+ 36. Kh3 f6 $15) 26... Rc5 27. a4 $14 R5c6 28. Rcd1 Rc5 (28... Kg7 29. e5
dxe5 30. Bxe5+ f6 31. Rd7 Kf7 32. Bf4 e5 33. Be3 $14) (28... Kf8 $5 29. Kf1 $5
(29. Nc3 R6c7 30. Na2 (30. e5 $2 d5) 30... Rb7 31. e5 dxe5 32. Bxe5 b5 $132))
29. Kf1 (29. Bd2 $5 Bf8 30. Bb4 R5c7 {/\d5} 31. R3d2) (29. Nc3 $5 Rb8 (29...
Bf6 30. Na2 b5 31. cxb5 axb5 32. a5 b4 33. a6 $16) 30. Na2 b5 31. cxb5 axb5 32.
Be3 Rc2+ 33. R1d2 Rxd2+ 34. Bxd2 bxa4 35. bxa4 Rb2 $132) 29... Bf8 (29... b5 $5
30. cxb5 axb5 31. Be3 R5c7 32. axb5 Rb7 33. b6 $5 (33. Rc3 $5 Rcb8 34. Nd4 Bf6
35. Ke2 Bxd4 36. Bxd4 Rxb5 37. Rdd3 Kf8 $11) 33... Bd8 34. e5 d5 35. Ra1 Bxb6
36. Bxb6 Rxb6 37. Nd4 $14) (29... Kf8 30. Nc3 R5c7 31. e5 (31. Na2 Rb7 32. e5
dxe5 33. Bxe5 b5) 31... dxe5 32. Bxe5 Rc5 33. Bd4 R5c6 34. Ne4 $16) 30. Nc3 (
30. Be3 R5c6 31. Nc3 Rb8 32. Na2 Rcc8 33. Nb4 $140 d5) 30... Rb8 $1 (30... Bg7
$6 31. Na2 Be5 32. Bxe5 (32. Be3 $6 Bxg3 33. Bxc5 bxc5) 32... Rxe5 33. Nb4 a5 (
33... Ra5 34. Rxd6 Nxd6 35. Rxd6 b5 36. axb5 $1 axb5 37. Nc6 Ra1+ 38. Ke2 Kf8
39. cxb5 $16) 34. Na2 Kf8 35. Nc3 Ke7 36. Nb5 Rc6 37. Kf2 $16) (30... f5 31.
exf5 gxf5 32. Ne2 Kf7 33. Be3 R5c6 34. Nf4 Nf6 35. Bf2 $16) 31. R1d2 (31. Na2
$5 Rb7 (31... Rcc8 32. e5 dxe5 33. Bxe5 Ra8 34. Nc3 $16) (31... b5 32. cxb5
axb5 33. Be3 Rcc8 34. a5) 32. Nb4 Rc8 (32... a5 33. Na2 f5 34. Nc3 $16) 33.
Nxa6 $5 Ra7 34. Nb4 d5 35. Nxd5 exd5 36. Rxd5 Bc5 $13) 31... Rb7 $1 32. Ke2 Be7
33. Kd1 Kf8 34. Rc2 Rc8 35. Ne2 Rbc7 36. Ra2 Rb7 37. Bh6+ Kg8 38. Be3 Bf6 39.
Bf4 Be7 40. Nc3 Bf6 $1 41. Ne2 Be7 42. Rc2 Rbc7 43. Nc3 Bf6 44. Nb1 b5 $6 (
44... Be7) 45. axb5 axb5 46. Na3 bxc4 47. Rxc4 (47. Nxc4 $5 Be7 (47... Ra7 48.
Rcd2) 48. Ra2 $14) 47... Be7 48. Rxc7 Rxc7 49. Nc4 Rc6 50. Kc2 f5 $1 51. Rc3
fxe4 52. fxe4 Nf6 53. Nd2 (53. e5 dxe5 54. Bxe5 (54. Nxe5 Rxc3+ 55. Kxc3 Nd5+
56. Kc4 Nxf4 57. gxf4 Bxh4 $17) 54... Nd5 55. Rf3 Rc8 56. Bd4 g5 57. hxg5 Bxg5
$11) 53... Rxc3+ 54. Kxc3 Kf7 55. Kd3 $138 (55. b4 d5 56. b5 (56. e5 Ng4 57. b5
Bc5) 56... dxe4 57. Kd4 Nd5 58. Nxe4 Nxf4 59. gxf4 Bxh4 60. b6 Bd8 61. b7 (61.
Kc5 $2 Bxb6+ 62. Kxb6 e5 63. fxe5 Ke6 $19) 61... Bc7 $17) (55. Bg5 $5 d5 56.
Kd4 dxe4 (56... Bb4 57. exd5 Nxd5 58. Nc4 $14) 57. Nxe4 Nxe4 58. Kxe4 Bb4 59.
Kd4 Be1 60. Bf4 Kf6 61. Ke4 Bc3 62. Bg5+ Kf7 63. Kd3 Be1 64. Bf4 Kf6 65. Ke4
Bc3 $11) 1/2-1/2

[Event "NED-ch54"]
[Site "Rotterdam "]
[Date "1999.06.10"]
[Round "11"]
[White "Cifuentes Parada, Roberto"]
[Black "Van den Doel, Erik"]
[Result "1/2-1/2"]
[WhiteElo "2529"]
[BlackElo "2535"]
[Annotator "Cifuentes Parada,L"]
[PlyCount "120"]
[EventDate "1999.05.29"]
[EventType "tourn"]
[EventRounds "11"]
[EventCountry "NED"]
[EventCategory "12"]
[SourceTitle "CBM 072"]
[Source "ChessBase"]
[SourceDate "1999.10.01"]
[SourceVersion "1"]
[SourceVersionDate "1999.10.01"]
[SourceQuality "1"]

1. d4 Nf6 2. c4 e6 3. Nf3 b6 4. g3 Ba6 5. Nbd2 Bb7 6. Bg2 c5 7. e4 cxd4 (7...
Nxe4 $6 8. Ne5 $1 d5 (8... Nc3 $4 9. Qh5 g6 10. Qh3 $18) 9. Qa4+ Nd7 10. cxd5
Nxd2 (10... exd5 11. Bh3 $18) 11. Bxd2 (11. Nxf7 $5) 11... Bxd5 12. Bxd5 exd5
13. O-O f6 14. Rfe1 fxe5 15. Rxe5+ Be7 16. Rae1 $1 (16. Bg5 b5 17. Qxb5 Rb8 18.
Qc6 Rb6 19. Qa4 Rb4 20. Qc6 Rb6 {0.5:0.5 Goldin-Smirin, Moscow(GMA) 1989})
16... Kf7 (16... cxd4 17. Bg5 $18) 17. Rxd5 $1 $18) (7... d6 8. d5 exd5 9. cxd5
Ba6 10. Bf1 Qc8 11. Qa4+ Nfd7 12. Bxa6 Qxa6 13. Qxa6 Nxa6 14. O-O Nb4 15. Nc4
f5 16. exf5 Nf6 17. Bg5 Nbxd5 18. Rad1 $16 {Sosonko-Miles, Wijk aan Zee 1981})
8. O-O {Salov: Khalifman: Ein seit längerem bekannte Verbesserung gegenüber
anderen Zügen.} (8. e5 $5) 8... d6 (8... Bc5 9. e5 Ne4 10. Ng5 $1 Qxg5 (10...
Nc3 11. bxc3 Bxg2 12. Kxg2 Qxg5 13. Nf3 $16) (10... Nxd2 11. Bxb7 Nxf1 12. Bxa8
$16) 11. Nxe4 Qxe5 (11... Qd8 12. Nd6+ Bxd6 13. Bxb7 $18) 12. Bf4 $18) (8...
Nc6 9. e5 Ng4 10. h3 Nh6 11. Ne4 $16) (8... Nxe4 9. Ne5 Bd6 (9... d5 10. cxd5
exd5 11. Qa4+ Nd7 12. Nxe4 $1 dxe4 13. Bh3 b5 (13... Bc8 14. Qc6 Rb8 15. Nxf7
$1 Qf6 16. Be6 $1 Rg8 17. Bg5 $18) 14. Qxb5 Bc8 15. Qc6 Rb8 16. Nxf7) (9...
Nxd2 10. Bxb7 Nxf1 11. Bxa8 $16) (9... Nd6 10. Bxb7 Nxb7 11. Qf3 $16) 10. Nxf7
Kxf7 11. Nxe4 Bxe4 12. Bxe4 Nc6 13. Qf3+ Kg8 14. Bxc6 dxc6 15. Qxc6 Rc8 16. Qe4
Qf6 $14) 9. Nxd4 {Salov: Khalifman: Diese Stellung hatte Karpov schon auf dem
Brett. Fürchtete er nun eine Verbesserung gegenüber der Spielweise von
Ivantschuk?} Qc8 (9... Be7 10. Qa4+ $5 Qd7 (10... Nbd7 11. Nc6 $16) 11. Qxd7+
Nbxd7 $2 (11... Kxd7 $142 $14) 12. Nb5 O-O 13. e5 Bxg2 $1 14. exf6 Bxf1 15.
fxe7 $16) 10. a4 $1 Be7 (10... Nc6 11. Nxc6 Bxc6 12. b4 Be7 13. b5 Bb7 14. a5
Rb8 15. Bb2 O-O 16. a6 Ba8 17. e5 dxe5 18. Bxe5 Bxg2 19. Kxg2 Ra8 20. Qe2 $14 {
Tregubov-Brodsky/ Krasnodar 1998  -73/585}) 11. a5 bxa5 12. Qa4+ Nbd7 13. N4b3
$1 Bc6 14. Qxa5 O-O 15. Qc3 Bd8 16. Na5 e5 17. b4 Bb6 18. Qd3 Qc7 19. Ndb3 Rab8
20. Bd2 (20. Nxc6 $14) 20... Ba8 21. Rac1 $2 (21. Rfc1 $1 $16 {x Qc7,Bb6})
21... Rfd8 $1 22. Qe2 Nf8 23. c5 Bxa5 24. Nxa5 dxc5 25. Rxc5 Qd7 $1 26. Bc3 Ne6
$1 $132 27. Bxe5 $1 (27. Rxe5 $6 Qd3 $1 28. Qxd3 Rxd3 29. Be1 Ng4 30. Rh5 g6 (
30... Nf6 31. Re5 $11) 31. Rh4 h5 $44 {x Rh4}) 27... Nxc5 (27... Rxb4 28. Rc4
Rxc4 29. Qxc4 Ng4 30. Ba1 $14) 28. Bxb8 Nd3 $6 (28... Ncxe4 $1 29. Be5 Re8 30.
Qb2 (30. Bxf6 $2 Nxg3 $1 $19) 30... Nd2 $1 31. Rd1 (31. Bxa8 Nxf1 32. Bxf6 Qh3
33. Bg2 Re1 $3 $19) (31. Bxf6 Bxg2 32. Kxg2 Qd5+ $19) 31... Bxg2 32. Rxd2 $8
Qh3 33. f4 Ba8 $15) 29. Bf4 Nxb4 30. Bg5 $1 Qd4 $1 31. Nb3 Qc3 32. Rb1 Nd3 33.
Qd2 Qe5 34. Qa5 Qxa5 35. Nxa5 $14 h6 36. Bxf6 gxf6 37. Nc4 (37. Rd1 f5 $1)
37... Rc8 38. Nd6 Rc1+ 39. Rxc1 Nxc1 40. Bf1 $6 (40. Kf1 $1 a5 41. Ke1 Nd3+ 42.
Ke2 Nc5 43. Kd2 Kf8 44. f3 $1 Bc6 45. Kc3 $14) 40... a5 $1 $13 41. f3 a4 42.
Nb5 Bc6 43. Na3 (43. Nc3 $2 a3 44. Bc4 Bd7 $1 $19 {/\Be6}) 43... Kf8 44. Kf2
Ke7 45. Ke3 Kd6 46. Bc4 $1 (46. Kd4 Nb3+ 47. Kc3 Kc5 48. Bd3 f5 $15) 46... Kc5
47. Bxf7 Kb4 48. Nc2+ Kc3 49. Nd4 Bd7 50. f4 a3 51. e5 fxe5 52. fxe5 Ba4 53.
Bd5 (53. g4 a2 54. Bxa2 Nxa2 55. Nf5 Kc4 56. Nxh6 Kd5 57. Kf4 Nb4 58. Kf5 Bd7+
59. Kf6 Nd3 60. g5 Nxe5 61. h4 (61. g6 Nxg6 62. Kxg6 Bh3 $11) 61... Be8 62. Nf5
Ng4+ 63. Kg7 Ne5 $11) 53... Nb3 (53... a2 54. Bxa2 Nxa2 55. Nf5 Kc4 56. Nxh6
Kd5 57. Kf4 Nb4 58. Kf5 Bd7+ 59. Kf6 Nd3 60. Nf7 Nf2 $11) 54. Bxb3 Bxb3 55.
Nb5+ Kb4 56. Nxa3 $11 Kxa3 57. Kf4 Be6 58. g4 Kb4 59. g5 (59. h4 Kc5 60. g5
hxg5+ 61. Kxg5 Kd5 62. Kf6 Bg4 63. e6 Kd6 $11) 59... hxg5+ 60. Kxg5 Bh3 1/2-1/2

[Event "Hoogovens op"]
[Site "Wijk aan Zee"]
[Date "1995.01.??"]
[Round "10"]
[White "Piket, Jeroen"]
[Black "Nikolic, Predrag"]
[Result "1-0"]
[WhiteElo "2670"]
[BlackElo "2645"]
[Annotator "Dautov,R"]
[PlyCount "67"]
[EventDate "1995.01.??"]
[EventType "swiss"]
[EventRounds "12"]
[EventCountry "NED"]
[SourceTitle "CBM 046"]
[Source "ChessBase"]
[SourceDate "1995.06.01"]
[SourceVersion "1"]
[SourceVersionDate "1995.06.01"]
[SourceQuality "1"]

1. d4 Nf6 2. c4 e6 3. Nf3 b6 4. g3 Bb4+ 5. Bd2 Bxd2+ 6. Qxd2 Ba6 7. Na3 c6 (
7... O-O $142 8. Bg2 Bb7 9. O-O d6 10. Rfd1 Nbd7 11. Rac1 Qe7 12. Nb5 a6 13.
Nc3 Ne4 14. Qd3 f5 15. Ne1 Ndf6 16. d5 Rae8 $10 {Beliavsky,A-Miles,A/Tilburg
1986}) 8. Bg2 d5 9. O-O O-O 10. Rfc1 (10. Rac1 Nbd7 (10... Qd6 11. Ne5 Nbd7 12.
cxd5 cxd5 13. Rc6 Qe7 14. Rfc1 $16) 11. Rc2 Qe7 12. Rfc1 Rfc8 13. Ne5 Nxe5 14.
dxe5 Nd7 15. f4 Nc5 16. cxd5 cxd5 17. b4 Ne4 18. Bxe4 dxe4 19. Rxc8+ Rxc8 20.
Rxc8+ Bxc8 21. Nb5 $16 {Marovic,D-Lengyel,L/Malaga 1969}) 10... Nbd7 11. Ne5 (
11. Rc2 $5 $14) 11... Nxe5 12. dxe5 Nd7 (12... Ne4 $2 13. Bxe4 dxe4 14. Qe3 f5
15. Rd1 Qe7 16. Rd6 Rad8 17. Rad1 c5 18. Qd2 Rxd6 19. exd6 $16) 13. f4 b5 $6 (
13... f6 $2 14. cxd5 cxd5 15. Rc6 Nc5 (15... Qe7 $2 16. Rxe6) 16. b4 Ne4 17.
Bxe4 dxe4 18. Rd6 $16) (13... Qe7 14. cxd5 (14. e4 dxe4 15. Bxe4 Rad8 16. Qe3
Bb7 17. Rd1 f6 $5 18. exf6 Nxf6 19. Bf3 c5 20. Bxb7 Qxb7 21. Qxe6+ Kh8 $44) (
14. b4 $5 $14) 14... cxd5 15. Nc2 (15. Rc7 Rfc8 16. Rac1 Qd8 $10) 15... Rfc8
16. Nd4 $14) 14. cxd5 Qb6+ 15. e3 cxd5 16. Nc2 Rac8 17. a3 $1 (17. Nd4 b4 $132)
17... Rc7 (17... Bb7 $142 18. Nd4 Rxc1+ (18... Nc5 19. Rc2 Ne4 20. Bxe4 dxe4
21. Rac1 $16) 19. Rxc1 Rc8 20. Rxc8+ Bxc8 21. Qb4 a6 22. Qe7 Qc5 23. Qd8+ Nf8
24. Kf2 Qc1 25. b4 $14) 18. Nd4 Rfc8 19. Rxc7 Rxc7 20. Bf1 $1 $16 {><b5} f6 (
20... h6 21. Rc1 Rxc1 22. Qxc1 $16 {/\Qc3-b4}) 21. exf6 gxf6 (21... Nxf6 22.
Qb4 $16) 22. f5 $1 Nf8 (22... e5 23. Ne6 (23. Nxb5 Bxb5 24. Qxd5+ Kh8 25. Bxb5
Qxe3+ 26. Kh1 Rc1+ 27. Rxc1 Qxc1+ 28. Kg2 $14) 23... Rc8 24. a4 Nf8 25. axb5
Bb7 26. Nxf8 Kxf8 27. Ra3 $16) 23. Re1 e5 (23... exf5 24. Nxb5 $16) (23... Kh8
24. Qb4 $16) 24. Nxb5 Rd7 25. a4 Bc8 $6 26. Rc1 Rd8 27. a5 $18 Qb8 28. e4 a6
29. Nc7 Bb7 30. exd5 Rd7 31. Qc3 Rd6 32. Qc5 Qd8 33. b4 Qe7 34. Ne8 1-0